header

Modeling, identification & control of robots (Record no. 5476)

MARC details
000 -LEADER
fixed length control field 01508nam a2200397 a 4500
001 - CONTROL NUMBER
control field ebr10276492
003 - CONTROL NUMBER IDENTIFIER
control field CaPaEBR
006 - FIXED-LENGTH DATA ELEMENTS--ADDITIONAL MATERIAL CHARACTERISTICS--GENERAL INFORMATION
fixed length control field m u
007 - PHYSICAL DESCRIPTION FIXED FIELD--GENERAL INFORMATION
fixed length control field cr cn|||||||||
008 - FIXED-LENGTH DATA ELEMENTS--GENERAL INFORMATION
fixed length control field 050125r20042002enka sb 001 0 eng
010 ## - LIBRARY OF CONGRESS CONTROL NUMBER
Canceled/invalid LC control number 2005295038
015 ## - NATIONAL BIBLIOGRAPHY NUMBER
National bibliography number GBA4W8743
Source bnb
016 7# - NATIONAL BIBLIOGRAPHIC AGENCY CONTROL NUMBER
Canceled or invalid record control number 012882224
Source Uk
020 ## - INTERNATIONAL STANDARD BOOK NUMBER
Cancelled/invalid ISBN 190399666X (pbk.)
040 ## - CATALOGING SOURCE
Original cataloging agency CaPaEBR
Transcribing agency CaPaEBR
035 ## - SYSTEM CONTROL NUMBER
System control number (OCoLC)316218962
050 14 - LIBRARY OF CONGRESS CALL NUMBER
Classification number TJ211
Item number .K48 2004eb
082 04 - DEWEY DECIMAL CLASSIFICATION NUMBER
Classification number 629.892
Edition number 22
100 1# - MAIN ENTRY--PERSONAL NAME
Personal name Khalil, W.
Fuller form of name (Wisama)
245 10 - TITLE STATEMENT
Title Modeling, identification & control of robots
Medium [electronic resource] /
Statement of responsibility, etc W. Khalil & E. Dombre.
246 30 - VARYING FORM OF TITLE
Title proper/short title Robots
260 ## - PUBLICATION, DISTRIBUTION, ETC. (IMPRINT)
Place of publication, distribution, etc London ;
-- Sterling, VA :
Name of publisher, distributor, etc Kogan Page Science,
Date of publication, distribution, etc 2004, c2002.
300 ## - PHYSICAL DESCRIPTION
Extent xix, 480 p. :
Other physical details ill.
490 1# - SERIES STATEMENT
Series statement Kogan Page Science paper edition
500 ## - GENERAL NOTE
General note Originally published: London : HPS, 2002.
504 ## - BIBLIOGRAPHY, ETC. NOTE
Bibliography, etc Includes bibliographical references (p. [447]-473) and index.
533 ## - REPRODUCTION NOTE
Type of reproduction Electronic reproduction.
Place of reproduction Palo Alto, Calif. :
Agency responsible for reproduction ebrary,
Date of reproduction 2013.
Note about reproduction Available via World Wide Web.
-- Access may be limited to ebrary affiliated libraries.
650 #0 - SUBJECT ADDED ENTRY--TOPICAL TERM
Topical term or geographic name as entry element Robots
General subdivision Mathematical models.
Topical term or geographic name as entry element Robots
General subdivision Dynamics.
Topical term or geographic name as entry element Robots
General subdivision Control systems.
655 #7 - INDEX TERM--GENRE/FORM
Genre/form data or focus term Electronic books.
Source of term local
700 1# - ADDED ENTRY--PERSONAL NAME
Personal name Dombre, E.
Fuller form of name (Etienne)
710 2# - ADDED ENTRY--CORPORATE NAME
Corporate name or jurisdiction name as entry element ebrary, Inc.
830 #0 - SERIES ADDED ENTRY--UNIFORM TITLE
Uniform title Kogan Page Science paper edition.
856 40 - ELECTRONIC LOCATION AND ACCESS
Uniform Resource Identifier <a href="http://site.ebrary.com/lib/rucke/Doc?id=10276492">http://site.ebrary.com/lib/rucke/Doc?id=10276492</a>
Public note An electronic book accessible through the World Wide Web; click to view

No items available.

© 2026 Rongo University
Contact us: librarian | system librarian | Rongo university